000 00529nam a22001817a 4500
999 _c167501
_d167501
005 20220217162351.0
010 _aENG-126437
020 _a978-93-80005-36-2
_c150.00
035 _aEN-109969
037 _bDBAD/PUB
082 _a822
100 _aShaw, George Bernard
245 _aSaint Joan /
_cby George Bernard Shaw
260 _aNoida
_bMaple Press
_c2013
270 _bNoida
_aA-63, Sector 58
_e201301
_k911204553581
_minfo@maplepress.co.in
300 _a184p.
_c22cm(pbk)
942 _2ddc
_cEN
_h822
_mSHA